JCT standard form of domestic sub-contract 2002 edition : for use with the Standard form of building contract 1998 edition (all versions) incorporating Amendments 1:1999, 2:2000, 3: 2001, 4:2002. Guide to sub-contract (Record no. 101873)

MARC details
000 -LEADER
fixed length control field 00982cam a2200253 4500
001 - CONTROL NUMBER
control field J116492
008 - FIXED-LENGTH DATA ELEMENTS--GENERAL INFORMATION
fixed length control field 020128n2002 000 0 eng u
035 ## - SYSTEM CONTROL NUMBER
System control number (Sirsi) u116492
041 ## - LANGUAGE CODE
Language code of text/sound track or separate title eng.
110 ## - MAIN ENTRY--CORPORATE NAME
Corporate name or jurisdiction name as entry element Joint Contracts Tribunal
9 (RLIN) 3664
245 ## - TITLE STATEMENT
Title JCT standard form of domestic sub-contract 2002 edition : for use with the Standard form of building contract 1998 edition (all versions) incorporating Amendments 1:1999, 2:2000, 3: 2001, 4:2002. Guide to sub-contract
260 ## - PUBLICATION, DISTRIBUTION, ETC.
Place of publication, distribution, etc. Birmingham
Name of publisher, distributor, etc. Construction Industry Publications
Date of publication, distribution, etc. 2002
300 ## - PHYSICAL DESCRIPTION
Extent 32p.
Dimensions 30cm.
350 ## - PRICE (NR) (BK AM CF MU VM SE) [OBSOLETE]
Price 10.00
650 ## - SUBJECT ADDED ENTRY--TOPICAL TERM
Topical term or geographic name entry element CONDITIONS OF CONTRACT
650 ## - SUBJECT ADDED ENTRY--TOPICAL TERM
Topical term or geographic name entry element CONTRACT CONDITIONS
650 ## - SUBJECT ADDED ENTRY--TOPICAL TERM
Topical term or geographic name entry element DOMESTIC SUBCONTRACTS
650 ## - SUBJECT ADDED ENTRY--TOPICAL TERM
Topical term or geographic name entry element DSC/A
650 ## - SUBJECT ADDED ENTRY--TOPICAL TERM
Topical term or geographic name entry element DSC/C
650 ## - SUBJECT ADDED ENTRY--TOPICAL TERM
Topical term or geographic name entry element BUILT ENVIRONMENT-BUILDING CONTRACT FORMS-STANDARD FORMS OF BUILDING CONTRACT-JOINT CONTRACTS TRIBNUAL CONTRACTS
650 ## - SUBJECT ADDED ENTRY--TOPICAL TERM
Topical term or geographic name entry element SUBCONTRACTS
690 ## - LOCAL SUBJECT ADDED ENTRY--TOPICAL TERM (OCLC, RLIN)
Topical term or geographic name as entry element BUILDING AND CONSTRUCTION-CONTRACTS-JCT CONTRACTS
942 ## - ADDED ENTRY ELEMENTS (KOHA)
Suppress in OPAC 0
Holdings
Withdrawn status Lost status Source of classification or shelving scheme Damaged status Not for loan Home library Current library Shelving location Date acquired Cost, normal purchase price Total Checkouts Full call number Barcode Date last seen Copy number Cost, replacement price Price effective from Koha item type Date last checked out
    Dewey Decimal Classification     London London Boxed set 06/02/2002 10.00   JCT 2002/2 30065328 06/08/2019 1 10.00 06/08/2019 Reference material  
    Dewey Decimal Classification     London London Boxed set 10/06/2002   3 JCT 2002/2 30066032 06/08/2019 2   06/08/2019 Book 10/08/2005